000 00360nam a2200157Ia 4500
005 20250603145434.0
008 250603s9999 xx 000 0 und d
050 _aKP 38 .N5/
245 0 _aNigerian Tax Tribunal Law Report vol 4
260 _aAbuja
260 _bTax Appeal Tribunal
260 _c2022
300 _a78 p
650 _aAbuja
942 _cBK
999 _c41860
_d41860